000 00583nam a2200205 a 4500
999 _c4374
_d4374
001 4374
003 BD-JhCC
005 20171126190523.0
008 171126s1992 bg || | |a|| 000 0 ben d
035 _a(BD-JhCC)4374
040 _aBD-JhCC
_dBD-JhCC
041 _aben
082 _a891.4415
245 _aকবিতাসমগ্র /
_cশুনীল গঙ্গপাধ্যায়
260 _aকলকাতা
_bপাবলি শার্স,
_c১৯৯২.
300 _a246 p. :
_c21 c m.
650 _ac olllectionoF poem
942 _2ddc
_cBK